Тепломассообмен: учебник

Dettagli Bibliografici
Autore principale: Брюханов О. Н. Олег Николаевич
Altri autori: Шевченко С. Н. Сергей Николаевич
Riassunto:Излагаются основы тепломассопереноса, стационарной и нестационарной теплопроводности, конвективного теплообмена, теплообмена излучением и сложного теплообмена. Рассмотрены основы массообмена, теплообмена при фазовых превращениях и теплообменные аппараты. Предназначена в качестве учебного пособия для студентов высших учебных заведений инженерных специальностей. Может быть полез­а для инженерно-технических специалистов широкого профиля.
Lingua:russo
Pubblicazione: Москва, Инфра-М, 2012
Serie:Высшее профессиональное образование. Бакалавриат
Soggetti:
Natura: MixedMaterials Libro
KOHA link:https://koha.lib.tpu.ru/cgi-bin/koha/opac-detail.pl?biblionumber=212363

MARC

LEADER 00000nam0a2200000 4500
001 212363
005 20231101225742.0
010 |a 9785160048031  |b (в пер.) 
035 |a (RuTPU)RU\TPU\book\232011 
035 |a RU\TPU\book\103225 
090 |a 212363 
100 |a 20060515d2012 m y0rusy5002 ca 
101 0 |a rus 
102 |a RU 
105 |a a j 001zy 
200 1 |a Тепломассообмен  |e учебник  |f О. Н. Брюханов, С. Н. Шевченко 
210 |a Москва  |c Инфра-М  |d 2012 
215 |a 464 с.  |c ил. 
225 1 |a Высшее профессиональное образование. Бакалавриат 
320 |a Библиогр.: с. 456-461. 
330 |a Излагаются основы тепломассопереноса, стационарной и нестационарной теплопроводности, конвективного теплообмена, теплообмена излучением и сложного теплообмена. Рассмотрены основы массообмена, теплообмена при фазовых превращениях и теплообменные аппараты. Предназначена в качестве учебного пособия для студентов высших учебных заведений инженерных специальностей. Может быть полез­а для инженерно-технических специалистов широкого профиля. 
606 1 |a Тепломассообмен  |x (физика)  |2 stltpush  |3 (RuTPU)RU\TPU\subj\58920  |9 76603 
610 1 |a тепловая энергия 
610 1 |a перенос 
610 1 |a стационарная теплопроводность 
610 1 |a нестационарная теплопроводность 
610 1 |a конвективный теплообмен 
610 1 |a излучение 
610 1 |a теплообмен излучением 
610 1 |a сложный теплообмен 
610 1 |a массоперенос 
610 1 |a закон Фика 
610 1 |a фазовые переходы 
610 1 |a теплообменные аппараты 
610 1 |a учебники 
675 |a 536.2(075.8)  |v 3 
700 1 |a Брюханов  |b О. Н.  |g Олег Николаевич 
701 1 |a Шевченко  |b С. Н.  |g Сергей Николаевич 
801 1 |a RU  |b 63413507  |c 20120326 
801 2 |a RU  |b 63413507  |c 20140729  |g RCR 
900 |a Тепломассообмен 
942 |c BK 
951 |b 270800 
959 |a 32/20120220  |d 2  |e 339,90  |f ЧЗТЛ:1  |f АНЛ:1